The L word.

Salvato in:
Dettagli Bibliografici
Natura: Videodisco
Lingua:italiano
francese
inglese
Pubblicazione: [Italia] : Twentieth Century Fox Home Entertainment, 2008
Tags: Aggiungi Tag
Nessun Tag, puoi essere il primo ad aggiungerne!!

MARC

LEADER 00000ngm a22000007ic4500
001 IT\ICCU\UBO\3874541
003 ItRI
005 20260124182924.0
008 110708s2008 it |||||||||||||||k|||||c
040 |b ita 
041 7 |a ita  |a fre  |a eng  |2 ISO-639-2 
245 0 0 |a The L word. 
260 |a [Italia] :  |b Twentieth Century Fox Home Entertainment,  |c 2008 
300 |a 1 DVD video (ca. 50 min) :  |b color 
500 |a Caratteristiche tecniche: regione 2 
500 |a Tit. del contenitore 
500 |a Contiene episodi: 4: Let's get this party started, 5: Lookin' at you, kid, 6: Lights! Camera! Action!. 
773 0 |w IT\ICCU\UBO\3874531  |t The L word 
942 |2 ddc  |c VM  |n 0 
952 |0 0  |1 0  |4 0  |6 VO_1729_000000000000000  |7 0  |9 28122  |a BO  |b BO  |d 2026-01-24  |i 13178  |l 0  |o VO 1729  |p BO13178  |r 2026-01-24 18:29:24  |w 2026-01-24  |x [Sebina 5] [1 dvd]  |y VM  |z 1 dvd 
981 1 |6 z01  |a b   |b xa2e  
982 1 |6 z01  |a g 
999 |c 23838  |d 23838